000 00469cam a2200181ua 4500
041 _aeng
_h
082 _a330.1
_bSTO/TE
100 _aStonier, Alfred.W .
245 _aText book of economic theory /
_cW.Alfred Stonier.
_hTextual Documents
250 _a11 /
_b.
260 _a :
_bThe English Language book society ,
_c1962.
300 _a513 ; .
504 _a
700 1 _aHague, Douglass.C .
942 _cBK
999 _c2245
_d2245